LEADER 01310nam--2200433---450- 001 990003054570203316 005 20080123132451.0 010 $a3-7861-2373-X 035 $a000305457 035 $aUSA01000305457 035 $a(ALEPH)000305457USA01 035 $a000305457 100 $a20080123d2000----km-y0itay50------ba 101 $ager 101 $afre 101 $aeng 102 $aDE 105 $a||||||||001yy 200 1 $a12. Internationaler Numismatischer Kongress Berlin 1997$eAkten-Proceedings-Actes$fherausgegeben von Bernd Kluge und Bernhard Weisser 210 $aBerlin$cGebr. Mann$dcopyr. 2000 215 $a2 v.$cill.$d31 cm 327 1 $a : 743 p. - : P. 746-1488 410 0$12001 454 1$12001 461 1$1001-------$12001 606 0 $aNumismatica$xCongressi 676 $a737 702 1$aKLUGE,$bBernd 702 1$aWEISSER,$bBernhard 710 12$aInternationaler Numismatischer Kongress$d<12. ;$f1997 ;$eBerlin>$0600004 801 0$aIT$bsalbc$gISBD 912 $a990003054570203316 951 $aI N 6 BER 1a$b581/1$cI N 951 $aI N 6 BER 1b$b581/2$cI N 959 $aBK 969 $aDBC 979 $aDBC$b90$c20080123$lUSA01$h1324 996 $a12. Internationaler Numismatischer Kongress Berlin 1997$91021947 997 $aUNISA LEADER 01043nam2-2200361---450- 001 990005981580203316 005 20141117103802.0 010 $a978-88-04-61617-7 035 $a000598158 035 $aUSA01000598158 035 $a(ALEPH)000598158USA01 035 $a000598158 100 $a20041014d2014----km-y0itay50------ba 101 0 $aita 102 $aIT 105 $ay|||z|||001yy 200 1 $a1960$eromanzo$fLeonardo Colombati 210 $aMilano$cMondadori$d2014 215 $a383 p.$d24 cm 225 2 $aScrittori italiani e stranieri 300 $aA pagina IV di copertina: eBook disponibile 410 0$1001000328377$12001$aScrittori italiani e stranieri 532 1 $aMillenovecentosessanta 676 $a853.92 700 1$aCOLOMBATI,$bLeonardo$0567330 801 0$aIT$bsalbc$gISBD 912 $a990005981580203316 951 $aVI.3. Coll. 7/ 231$b10455 L.G.$cVI.3. Coll.$d359263 959 $aBK 969 $aUMA 979 $aANNAMARIA$b90$c20141117$lUSA01$h1038 996 $a1960$91079994 997 $aUNISA